000 00334nam a22001457a 4500
020 _qPB.
040 _cFIZZA ISHAQ
082 _a1.6422
_bDEI
100 _aM. HARVEY DEITEL.
_991504
245 _aOPERATING SYSTEMS /
_cDEITEL HARVEY M.
250 _a3rd ED.
260 _bPEARSON,
_c2013.
300 _a1209 P. ;
942 _2ddc
_cBK
999 _c589623
_d589623